00963 a2200157 4500020001500000082002200015100003100037245002900068250001400097260004600111300003300157440005000190505043000240650010500670700003000775 a9968936596 a972.860.52bA184h aAcuą Ortega, Victor Hugo aHistoria e Incertidumbre a1 edicion aSan Jose, Costa RicabEditorial UCRc2007 a102 p.bill (a color)c21 cm aSerie Cuadernos de Historia de la Culturav22 tPresentaciontHistoria e Incertidumbre IntroducciontI. Estudiar HistoriatII. Sudando con CliotIII. Los desafo̕s de la historia en CentroamřicatIV. Historia y ciudadaniatV. Historia e incertidumbretVI. Memoria, olvido, impunidad y secularizacion politicatVII. Retos y perspectivas del nuevo mileniotVIII. El lugar de la identidad y la identidad en su lugartIX. Elogio del inmigrantetBibliografiatAcerca del autor aHistoriaxsiglo XX-XXIxidentidad culturalxalienacionxpoderxVictor Hugo Acuą OrtegazCosta rica aVictor Hugo Acuą Ortega